Statistiques concernant Pays les plus proches de la Sicile - sprint d'une minute

Cliquez ici pour prendre le quiz!

Statistiques générales

  • Ce quiz a été pris 106 fois
  • Le résultat moyen est 13 sur 20

Statistiques - réponses

kmpays% Correct
463France
100%
738Espagne
90%
71Tunisie
89%
214Algérie
88%
366Grèce
75%
760Monaco
74%
504Croatie
73%
81Malte
73%
445Libye
71%
634Saint-Marin
71%
415Vatican
70%
394Albanie
60%
792Slovénie
58%
642Serbie
52%
506Monténégro
51%
530Bosnie-Herzégovine
48%
581Kosovo
45%
527Macédoine du Nord
44%
852Hongrie
12%
710Bulgarie
11%

Distribution des résultats

Percentile par nombre de réponses

% des personnes avec chaque résultat

Votre développement - résultats

Vous n’avez pas pris ce quiz